[Event "27. Torneo San Viator 2016"]
[Site "Madrid ESP"]
[Date "2016.09.25"]
[Round "1.1"]
[White "Quispe Arteaga, Gabriel"]
[Black "Perez Vazquez, Manuel"]
[Result "1-0"]
[WhiteElo "2270"]
[BlackElo "1861"]
[PlyCount "51"]
[EventDate "2016.09.25"]
[EventType "swiss"]
[EventRounds "9"]
[EventCountry "ESP"]
[Source "lmi"]
[SourceDate "2016.09.25"]

1. d4 f5 2. c4 Nf6 3. Nc3 g6 4. g3 Bg7 5. Bg2 O-O 6. Nf3 d6 7. O-O Qe8 8. Qb3
Na6 9. Bg5 Ne4 10. Rad1 Nxc3 11. bxc3 c5 12. Rfe1 Rb8 13. e4 h6 14. Bc1 fxe4
15. Rxe4 Bf5 16. Re3 Qf7 17. Rde1 Bf6 18. Nh4 e6 19. Nxf5 gxf5 20. Rxe6 cxd4
21. Bd5 Kh8 22. cxd4 Qg7 23. Qf3 Nc7 24. Rxd6 Nxd5 25. Rxd5 f4 26. Bxf4 1-0

[Event "27. Torneo San Viator 2016"]
[Site "Madrid ESP"]
[Date "2016.09.25"]
[Round "1.3"]
[White "Perez Calahorra, Ricardo"]
[Black "Blanco Diez, David"]
[Result "1-0"]
[WhiteElo "2136"]
[BlackElo "1845"]
[PlyCount "69"]
[EventDate "2016.09.25"]
[EventType "swiss"]
[EventRounds "9"]
[EventCountry "ESP"]
[Source "lmi"]
[SourceDate "2016.09.25"]

1. e4 e5 2. Nf3 Nc6 3. Bb5 a6 4. Ba4 Nf6 5. d3 Bc5 6. O-O b5 7. Bb3 d6 8. c3
O-O 9. Bg5 Be6 10. Bc2 d5 11. d4 Bd6 12. Re1 Re8 13. Nbd2 h6 14. Bh4 Kh8 15.
Nf1 g5 16. Bg3 Nxe4 17. dxe5 Bf8 18. Nd4 Nxd4 19. cxd4 Bf5 20. Ne3 Bg6 21. f3
Nxg3 22. Bxg6 fxg6 23. hxg3 c5 24. Rc1 Qb6 25. Nxd5 Qc6 26. Nf6 Red8 27. d5 Qb6
28. Qc2 Kg7 29. d6 c4+ 30. Kh2 Rac8 31. Qe4 h5 32. Qd5 Bxd6 33. exd6 Kxf6 34.
Re7 Qxd6 35. Qf7# 1-0

[Event "27. Torneo San Viator 2016"]
[Site "Madrid ESP"]
[Date "2016.09.25"]
[Round "1.4"]
[White "Magan Gonzalez, Alberto"]
[Black "Aguilera Lopez, Alejandro"]
[Result "0-1"]
[WhiteElo "1829"]
[BlackElo "2113"]
[PlyCount "86"]
[EventDate "2016.09.25"]
[EventType "swiss"]
[EventRounds "9"]
[EventCountry "ESP"]
[Source "lmi"]
[SourceDate "2016.09.25"]

1. e4 c5 2. Nf3 e6 3. d4 cxd4 4. Nxd4 Nf6 5. Nc3 Nc6 6. Ndb5 Bb4 7. a3 Bxc3+ 8.
Nxc3 d5 9. Bg5 d4 10. Bxf6 Qxf6 11. Nb1 O-O 12. Bd3 b6 13. O-O Bb7 14. f4 g6
15. Nd2 Rac8 16. e5 Qg7 17. Ne4 Ne7 18. Nd6 Rc7 19. Nxb7 Rxb7 20. Be4 Rd7 21.
Rf3 Rfd8 22. Qe1 Nd5 23. Bxd5 Rxd5 24. Rd1 Qf8 25. Rfd3 Qc5 26. R1d2 a5 27. a4
Qb4 28. b3 b5 29. axb5 Qxb5 30. g4 Qc5 31. Qh4 a4 32. bxa4 Rb8 33. Kg2 Qc6 34.
Kf2 Qc5 35. Kg2 Qc6 36. Kf2 Rb1 37. Rh3 h5 38. gxh5 d3 39. Rhxd3 Qc5+ 40. Ke2
Qc4 41. Qf2 Qe4+ 42. Re3 Rxd2+ 43. Kxd2 Qd4+ 0-1

[Event "27. Torneo San Viator 2016"]
[Site "Madrid ESP"]
[Date "2016.09.25"]
[Round "1.5"]
[White "Unciti Juan, Javier"]
[Black "Campos Tores, Jose Luis"]
[Result "1-0"]
[WhiteElo "2110"]
[BlackElo "1829"]
[PlyCount "59"]
[EventDate "2016.09.25"]
[EventType "swiss"]
[EventRounds "9"]
[EventCountry "ESP"]
[Source "lmi"]
[SourceDate "2016.09.25"]

1. e4 c5 2. d4 cxd4 3. c3 dxc3 4. Nxc3 Nc6 5. Bc4 d6 6. Nf3 e6 7. O-O Be7 8.
Qe2 Nf6 9. Rd1 Qc7 10. Bf4 a6 11. Rac1 O-O 12. Bb3 Qb8 13. Na4 e5 14. Bg5 Qc7
15. Qe3 Bg4 16. Nb6 Rad8 17. Nd5 Qd7 18. Ba4 Bxf3 19. Bxf6 Bxf6 20. Nxf6+ gxf6
21. Qxf3 b5 22. Bb3 Nd4 23. Qxf6 Ne2+ 24. Kf1 Nxc1 25. Rxc1 Rc8 26. Rd1 Qd8 27.
Qh6 Rc6 28. Rd3 Rc7 29. Rg3+ Kh8 30. Qg7# 1-0

[Event "27. Torneo San Viator 2016"]
[Site "Madrid ESP"]
[Date "2016.09.25"]
[Round "1.6"]
[White "Yeves Miquel, Enrique"]
[Black "Afana, Adham Jj"]
[Result "0-1"]
[WhiteElo "1827"]
[BlackElo "2095"]
[PlyCount "58"]
[EventDate "2016.09.25"]
[EventType "swiss"]
[EventRounds "9"]
[EventCountry "ESP"]
[Source "lmi"]
[SourceDate "2016.09.25"]

1. d4 d5 2. c4 c6 3. Nc3 Nf6 4. e3 e6 5. Nf3 Nbd7 6. Qc2 Bd6 7. Bd3 e5 8. cxd5
cxd5 9. e4 dxe4 10. Bxe4 exd4 11. Nxd4 Nc5 12. Bf3 Be5 13. Nde2 Nd3+ 14. Kf1
O-O 15. h3 Bf5 16. Qb3 Be6 17. Qc2 Nb4 18. Qa4 Qe7 19. Bf4 Nd3 20. Bxe5 Nxe5
21. Be4 Nc4 22. Qc2 Nxe4 23. Nxe4 Rac8 24. N4c3 Qf6 25. Kg1 Rfd8 26. Rd1 Rxd1+
27. Nxd1 Ne3 28. Qb1 Nxd1 29. Qxd1 Qxb2 0-1

[Event "27. Torneo San Viator 2016"]
[Site "Madrid ESP"]
[Date "2016.09.25"]
[Round "1.7"]
[White "Cervino Rossel, Cristobal"]
[Black "Camarero Izquierdo, Juan Carlo"]
[Result "1-0"]
[WhiteElo "2052"]
[BlackElo "1816"]
[PlyCount "147"]
[EventDate "2016.09.25"]
[EventType "swiss"]
[EventRounds "9"]
[EventCountry "ESP"]
[Source "lmi"]
[SourceDate "2016.09.25"]

1. d4 f5 2. Nf3 Nf6 3. Bf4 e6 4. h3 b6 5. e3 Bb7 6. Be2 Ne4 7. Nbd2 Be7 8. Nxe4
fxe4 9. Nd2 d5 10. Bh5+ g6 11. Bg4 Qd7 12. c4 h5 13. Be2 Nc6 14. cxd5 exd5 15.
h4 a5 16. Rc1 Bd6 17. Bb5 Bxf4 18. exf4 O-O 19. Qa4 Rf6 20. g3 Qe6 21. Bxc6
Bxc6 22. Qb3 a4 23. Qe3 Bb5 24. Nb1 c6 25. Nc3 Bd3 26. Ne2 Qg4 27. Kd2 Rc8 28.
Rhe1 c5 29. Nc3 Qd7 30. f3 Re6 31. f5 cxd4 32. Qxd4 Rd6 33. g4 hxg4 34. fxg4
Rd8 35. Rg1 Qh7 36. Qf2 d4 37. Nxe4 Bxe4 38. Rce1 Bc6 39. f6 Qf7 40. Rgf1 Re8
41. g5 Rxe1 42. Qxe1 Re6 43. Qg3 Bb5 44. Rf2 Kh7 45. h5 Be8 46. hxg6+ Qxg6 47.
Qh3+ Qh5 48. Qxe6 Qxg5+ 49. Ke2 Bh5+ 50. Kf1 Qc1+ 51. Kg2 Qg5+ 52. Kh2 Qh4+ 53.
Kg1 Qg5+ 54. Kh2 Qh4+ 55. Kg2 Qg5+ 56. Kh3 Qe3+ 57. Qxe3 dxe3 58. f7 e2 59.
Rxe2 Bxf7 60. a3 b5 61. Re5 Bc4 62. Rg5 Kh6 63. Kg4 Bd3 64. Kf4 Bc4 65. Kf5
Bd3+ 66. Kf6 Bc4 67. Rg1 Kh5 68. Ke5 Kh6 69. Kd4 Kh5 70. Kc5 Kh4 71. Kb4 Kh5
72. Rc1 Be2 73. Rc5+ Kg4 74. Rxb5 1-0

[Event "27. Torneo San Viator 2016"]
[Site "Madrid ESP"]
[Date "2016.09.25"]
[Round "1.8"]
[White "Rodriguez Valero, Martin"]
[Black "Cabanas Bravo, Juan Andres"]
[Result "0-1"]
[WhiteElo "1808"]
[BlackElo "2007"]
[PlyCount "64"]
[EventDate "2016.09.25"]
[EventType "swiss"]
[EventRounds "9"]
[EventCountry "ESP"]
[Source "lmi"]
[SourceDate "2016.09.25"]

1. e4 e5 2. Nf3 Nc6 3. Bb5 Bc5 4. c3 Qf6 5. d3 h6 6. Qe2 Nge7 7. Be3 Bb6 8.
Nbd2 O-O 9. h3 Rd8 10. Nc4 d5 11. exd5 Rxd5 12. Nxb6 axb6 13. Bc4 Rda5 14. Nd2
Qg6 15. g4 Be6 16. Bxe6 Qxe6 17. a3 Rd8 18. O-O-O Qa2 19. Nc4 Ra4 20. Qc2 b5
21. Bc5 Rda8 22. Nxe5 b6 23. Bxe7 Nxe7 24. d4 c5 25. Qe4 b4 26. Qb1 Qd5 27. c4
Qg2 28. Rde1 bxa3 29. b3 a2 30. Qa1 Ra3 31. Rhg1 Qxf2 32. dxc5 Rxb3 0-1

[Event "27. Torneo San Viator 2016"]
[Site "Madrid ESP"]
[Date "2016.09.25"]
[Round "1.9"]
[White "Bustos Bernardo, Samuel"]
[Black "Escribano Serrano, Pedro"]
[Result "1-0"]
[WhiteElo "1991"]
[BlackElo "1787"]
[PlyCount "131"]
[EventDate "2016.09.25"]
[EventType "swiss"]
[EventRounds "9"]
[EventCountry "ESP"]
[Source "lmi"]
[SourceDate "2016.09.25"]

1. Nf3 c5 2. c4 Nc6 3. d4 cxd4 4. Nxd4 g6 5. e4 Bg7 6. Be3 e6 7. Nc3 a6 8. Be2
Nge7 9. Nxc6 bxc6 10. c5 O-O 11. O-O f5 12. f3 h6 13. Qd2 Kh7 14. Rad1 a5 15.
Na4 Ra7 16. Bc4 Qc7 17. Bf4 e5 18. Be3 f4 19. Bf2 Ng8 20. Nb6 Nf6 21. Qd3 Rd8
22. Rd2 Bf8 23. Rfd1 Kg7 24. Qc3 Bb7 25. Bb3 Ba6 26. Nc4 Bxc4 27. Qxc4 Kh7 28.
Qf7+ Bg7 29. Rd6 Rf8 30. Qc4 Qc8 31. Be1 Qa6 32. Qc3 Re8 33. Bf7 Re7 34. Bc4
Qb7 35. Qb3 Qxb3 36. axb3 Re8 37. Bc3 g5 38. Ra1 Kg6 39. b4 axb4 40. Rxa7 bxc3
41. bxc3 Bf8 42. Rxc6 Rd8 43. Rcc7 Rb8 44. Ra1 Rb2 45. Bd5 h5 46. c6 Bc5+ 47.
Kh1 dxc6 48. Rxc6 Be7 49. Rc1 g4 50. Ra6 Bc5 51. Ra2 Rb6 52. Raa1 Rb2 53. Rab1
Rf2 54. Rf1 g3 55. hxg3 fxg3 56. Rxf2 gxf2 57. g3 Kg5 58. Kg2 h4 59. gxh4+ Kxh4
60. Bf7 Kg5 61. Rb5 Ba7 62. Rxe5+ Kf4 63. Rf5+ Ke3 64. Rxf6 Ke2 65. Bc4+ Ke1
66. Bf1 1-0

[Event "27. Torneo San Viator 2016"]
[Site "Madrid ESP"]
[Date "2016.09.25"]
[Round "1.10"]
[White "Jimenez Elices, Jose Maria"]
[Black "Luque Ibanez, Manuel"]
[Result "1/2-1/2"]
[WhiteElo "1785"]
[BlackElo "1989"]
[PlyCount "91"]
[EventDate "2016.09.25"]
[EventType "swiss"]
[EventRounds "9"]
[EventCountry "ESP"]
[Source "lmi"]
[SourceDate "2016.09.25"]

1. e4 c5 2. Nf3 Nc6 3. d4 cxd4 4. Nxd4 Nf6 5. Nc3 e5 6. Nb3 Bb4 7. Bc4 O-O 8.
Bd5 Nxd5 9. Qxd5 d6 10. O-O Be6 11. Qd3 Bxc3 12. bxc3 d5 13. Ba3 Re8 14. Rad1
dxe4 15. Qxe4 Qg5 16. Rfe1 Bf5 17. Qe2 Rad8 18. Nd4 Bh3 19. g3 Bd7 20. Nf3 Qh5
21. Nh4 Qxe2 22. Rxe2 Bg4 23. Rxd8 Rxd8 24. f3 Be6 25. Kf2 Bxa2 26. Ke3 Be6 27.
Rd2 Rxd2 28. Kxd2 Na5 29. Kd3 Nc4 30. Bc1 a5 31. Nf5 a4 32. Ne3 Nxe3 33. Kxe3
f5 34. c4 Bxc4 35. Bb2 Kf7 36. Bxe5 a3 37. h4 g6 38. Kd4 Ke6 39. f4 h5 40. Kc5
a2 41. Bh8 Kf7 42. Bb2 Be2 43. Ba1 Ke6 44. Be5 Kd7 45. Kb6 Ke6 46. Kc5 1/2-1/2

[Event "27. Torneo San Viator 2016"]
[Site "Madrid ESP"]
[Date "2016.09.25"]
[Round "1.11"]
[White "Gil Sierra, Jacinto"]
[Black "Lopez Nunez, Roberto"]
[Result "0-1"]
[WhiteElo "1976"]
[BlackElo "1775"]
[PlyCount "116"]
[EventDate "2016.09.25"]
[EventType "swiss"]
[EventRounds "9"]
[EventCountry "ESP"]
[Source "lmi"]
[SourceDate "2016.09.25"]

1. e4 c5 2. Nf3 Nc6 3. d4 cxd4 4. Nxd4 g6 5. Nc3 Bg7 6. Be3 Nf6 7. Be2 d6 8.
O-O O-O 9. Kh1 a6 10. f4 Qc7 11. Bf3 Nxd4 12. Bxd4 e5 13. Be3 Be6 14. Qd2 b5
15. f5 Bc4 16. Rfd1 Rac8 17. fxg6 fxg6 18. Qxd6 Qxd6 19. Rxd6 b4 20. Na4 Bb5
21. Nc5 Rf7 22. Rad1 Bf8 23. Rd8 Rc6 24. Nd3 Rxc2 25. Nxe5 Re7 26. Bd4 Re8 27.
Rxe8 Nxe8 28. Ng4 Bg7 29. e5 Be2 30. Bxe2 Rxe2 31. Kg1 Re4 32. Nf2 Re2 33. Kf1
Rc2 34. Nd3 a5 35. Bb6 a4 36. Ba5 a3 37. Bxb4 axb2 38. Rb1 Bxe5 39. Ba3 Bxh2
40. Rxb2 Rc3 41. Rb3 Rc2 42. Bb2 Rd2 43. a4 Nd6 44. Nc5 Nc4 45. Bc3 Ne3+ 46.
Ke1 Rxg2 47. Be5 Nc2+ 48. Kf1 Rd2 49. Bxh2 Rxh2 50. Kg1 Rh5 51. Nb7 Nd4 52. Rb6
Ne2+ 53. Kf2 Nc3 54. a5 Rb5 55. Nd6 Rxa5 56. Rb8+ Kg7 57. Rb7+ Kh6 58. Kg3 Nd5
0-1

[Event "27. Torneo San Viator 2016"]
[Site "Madrid ESP"]
[Date "2016.09.25"]
[Round "1.12"]
[White "Munoz Cebey, Ricardo"]
[Black "Luna Hermoso, Angel"]
[Result "1/2-1/2"]
[WhiteElo "1758"]
[BlackElo "1976"]
[PlyCount "76"]
[EventDate "2016.09.25"]
[EventType "swiss"]
[EventRounds "9"]
[EventCountry "ESP"]
[Source "lmi"]
[SourceDate "2016.09.25"]

1. c4 g6 2. g3 Bg7 3. Bg2 e5 4. Nc3 Nc6 5. d3 d6 6. Nf3 f5 7. O-O h6 8. Rb1
Nge7 9. Bd2 Be6 10. b4 O-O 11. b5 Nb8 12. a4 Nd7 13. a5 c6 14. a6 bxa6 15. bxc6
Nf6 16. Qa4 Qc8 17. Ne1 e4 18. dxe4 Nxc6 19. exf5 Bd7 20. fxg6 Nd4 21. Qb4 Bh3
22. Bxh3 Qxh3 23. Qb7 Rab8 24. Qg2 Nxe2+ 25. Kh1 Qxg2+ 26. Nxg2 Rxb1 27. Rxb1
Nxc3 28. Bxc3 Ng4 29. Bxg7 Nxf2+ 30. Kg1 Nh3+ 31. Kh1 Kxg7 32. Nh4 Nf2+ 33. Kg1
Ng4 34. Rb7+ Kg8 35. Rxa7 Ne3 36. h3 Rf1+ 37. Kh2 Rf2+ 38. Kg1 Rf1+ 1/2-1/2

[Event "27. Torneo San Viator 2016"]
[Site "Madrid ESP"]
[Date "2016.09.25"]
[Round "1.13"]
[White "Quintero Torres, Pedro"]
[Black "Lizon Martinez, Santiago"]
[Result "1/2-1/2"]
[WhiteElo "1958"]
[BlackElo "1757"]
[PlyCount "108"]
[EventDate "2016.09.25"]
[EventType "swiss"]
[EventRounds "9"]
[EventCountry "ESP"]
[Source "lmi"]
[SourceDate "2016.09.25"]

1. e4 c5 2. Nf3 d6 3. Bb5+ Nd7 4. c3 Ngf6 5. d3 e6 6. O-O Be7 7. Re1 O-O 8. d4
a6 9. Bd3 b5 10. Nbd2 Bb7 11. Nf1 Re8 12. Ng3 Qc7 13. Bf4 Rad8 14. Qe2 Bf8 15.
Bg5 h6 16. Bd2 Qb8 17. a4 Bc6 18. axb5 axb5 19. h3 Qb7 20. Ra5 Ra8 21. Rea1
Rxa5 22. Rxa5 c4 23. Bc2 Ra8 24. Rxa8 Qxa8 25. Qe1 g6 26. Qb1 Bg7 27. Bf4 Qb8
28. b3 e5 29. Be3 exd4 30. Nxd4 Ba8 31. bxc4 bxc4 32. Qa2 Qc8 33. Qa3 d5 34.
exd5 Nxd5 35. Bd2 Qe8 36. Qc1 Kh7 37. Qf1 Qc8 38. Qe2 N7f6 39. Ne4 Qb7 40. f3
Qd7 41. Nxf6+ Bxf6 42. Qxc4 Nb6 43. Qd3 Bd5 44. Qe3 Bg7 45. Qe2 Nc4 46. Be1 Qa7
47. Bf2 Qa1+ 48. Qe1 Qb2 49. Be4 Bxe4 50. fxe4 Nd2 51. Be3 Nxe4 52. Kh1 Qxc3
53. Qxc3 Nxc3 54. Nf3 Ne4 1/2-1/2

[Event "27. Torneo San Viator 2016"]
[Site "Madrid ESP"]
[Date "2016.09.25"]
[Round "1.14"]
[White "Perez Perez, Diego Ii"]
[Black "Gonzalez-Ruano Perez, Cesar"]
[Result "1/2-1/2"]
[WhiteElo "1750"]
[BlackElo "1937"]
[PlyCount "52"]
[EventDate "2016.09.25"]
[EventType "swiss"]
[EventRounds "9"]
[EventCountry "ESP"]
[Source "lmi"]
[SourceDate "2016.09.25"]

1. e4 c5 2. Nc3 g6 3. f4 Bg7 4. Nf3 Nc6 5. Bc4 e6 6. O-O Nge7 7. Qe1 O-O 8. d3
d5 9. Bb3 b5 10. Nxb5 Qb6 11. c4 Ba6 12. Nc3 dxc4 13. Na4 Qa5 14. Qxa5 Nxa5 15.
Bxc4 Bxc4 16. dxc4 Nxc4 17. e5 Nd5 18. Nxc5 Rac8 19. Ne4 Rfd8 20. b3 Nce3 21.
Bxe3 Nxe3 22. Rfc1 Nc2 23. Rab1 Bf8 24. Rb2 Nd4 25. Rxc8 Nxf3+ 26. gxf3 Rxc8
1/2-1/2

[Event "27. Torneo San Viator 2016"]
[Site "Madrid ESP"]
[Date "2016.09.25"]
[Round "1.15"]
[White "Rodriguez Bittar, Karim Javier"]
[Black "Sanchez Gomez, Emiliano"]
[Result "1-0"]
[WhiteElo "1936"]
[BlackElo "1745"]
[PlyCount "95"]
[EventDate "2016.09.25"]
[EventType "swiss"]
[EventRounds "9"]
[EventCountry "ESP"]
[Source "lmi"]
[SourceDate "2016.09.25"]

1. e4 c5 2. Nc3 e6 3. g3 d5 4. exd5 exd5 5. Bg2 Nf6 6. d4 cxd4 7. Qxd4 Nc6 8.
Qd3 Be6 9. a3 Be7 10. Nf3 h6 11. O-O O-O 12. Bf4 Bd6 13. Bxd6 Qxd6 14. Rad1
Rad8 15. Rfe1 Rfe8 16. Nb5 Qb8 17. Nbd4 Bg4 18. Rxe8+ Rxe8 19. Ne2 Ne5 20. Qb3
g5 21. Ned4 Nc4 22. Re1 Nb6 23. Rxe8+ Qxe8 24. h3 Bc8 25. Nb5 a6 26. Nd6 Qc6
27. Nxc8 Nxc8 28. Nd4 Qb6 29. Qc3 Nd6 30. Ne6 Nde4 31. Bxe4 Qxe6 32. Bf3 Ne4
33. Qd4 f5 34. Kg2 Nf6 35. c4 dxc4 36. Bxb7 Kh7 37. Qa7 Kg6 38. Qxa6 Qe5 39.
Qxc4 Qxb2 40. Qb4 Qe5 41. a4 Nd5 42. Bxd5 Qxd5+ 43. Kh2 Qf3 44. Qb6+ Kg7 45. a5
f4 46. g4 h5 47. a6 hxg4 48. Qb7+ 1-0

[Event "27. Torneo San Viator 2016"]
[Site "Madrid ESP"]
[Date "2016.09.25"]
[Round "1.16"]
[White "Llases Gonzalez, Luis"]
[Black "Del Noval Nemeshazi, Nesztor"]
[Result "1/2-1/2"]
[WhiteElo "1734"]
[BlackElo "1932"]
[PlyCount "43"]
[EventDate "2016.09.25"]
[EventType "swiss"]
[EventRounds "9"]
[EventCountry "ESP"]
[Source "lmi"]
[SourceDate "2016.09.25"]

1. e4 c5 2. Nf3 d6 3. d4 cxd4 4. Nxd4 Nf6 5. Nc3 a6 6. Be3 e6 7. Be2 b5 8. Bf3
b4 9. e5 dxe5 10. Nc6 Qxd1+ 11. Rxd1 Nbd7 12. Nxb4 e4 13. Nxe4 Bxb4+ 14. c3
Nxe4 15. Bxe4 Rb8 16. cxb4 Rxb4 17. Bc6 Rxb2 18. O-O Rc2 19. Rc1 Rxc1 20. Rxc1
Ke7 21. Bc5+ Kd8 22. Bb6+ 1/2-1/2

[Event "27. Torneo San Viator 2016"]
[Site "Madrid ESP"]
[Date "2016.09.25"]
[Round "1.17"]
[White "Padin Lazaro, Jose Manuel"]
[Black "Gil Calvente, Jose Antonio"]
[Result "1-0"]
[WhiteElo "1913"]
[BlackElo "1721"]
[PlyCount "73"]
[EventDate "2016.09.25"]
[EventType "swiss"]
[EventRounds "9"]
[EventCountry "ESP"]
[Source "lmi"]
[SourceDate "2016.09.25"]

1. e4 e5 2. Nf3 Nc6 3. Bb5 a6 4. Ba4 Nf6 5. O-O Be7 6. Re1 b5 7. Bb3 O-O 8. d3
d5 9. exd5 Nxd5 10. Nxe5 Nxe5 11. Rxe5 Nf6 12. Nd2 Bd6 13. Re1 Ng4 14. Nf3 Bb7
15. h3 Bxf3 16. Qxf3 Ne5 17. Qf5 b4 18. Bg5 g6 19. Bxd8 gxf5 20. Bf6 Ng6 21.
Ba4 Nf4 22. Be5 Rad8 23. Bxd6 cxd6 24. Re7 Ne6 25. Re1 Nc5 26. Bc6 Kg7 27. d4
Ne4 28. Bxe4 fxe4 29. R1xe4 Rc8 30. Ra7 Ra8 31. Ree7 Kf6 32. Kf1 h5 33. g3 d5
34. Ke2 Rfe8 35. Rxe8 Rxa7 36. Re5 Rc7 37. Kd3 1-0

[Event "27. Torneo San Viator 2016"]
[Site "Madrid ESP"]
[Date "2016.09.25"]
[Round "1.18"]
[White "Martinez Sanz, Ignacio"]
[Black "Rosa Ramirez, Victor D"]
[Result "0-1"]
[WhiteElo "1705"]
[BlackElo "1903"]
[PlyCount "106"]
[EventDate "2016.09.25"]
[EventType "swiss"]
[EventRounds "9"]
[EventCountry "ESP"]
[Source "lmi"]
[SourceDate "2016.09.25"]

1. d4 d5 2. Nf3 Nf6 3. g3 g6 4. Bg2 Bg7 5. O-O O-O 6. c4 c6 7. b3 Ne4 8. Bb2
dxc4 9. bxc4 Qb6 10. Qb3 Nc5 11. Qxb6 axb6 12. Nc3 Na4 13. Nxa4 Rxa4 14. Rfc1
Bg4 15. e3 Nd7 16. h3 Bf5 17. Nd2 Rfa8 18. a3 Nc5 19. g4 Nd3 20. Rc3 Nxb2 21.
gxf5 R4a6 22. fxg6 hxg6 23. Rb3 Na4 24. Rd1 Rd8 25. f4 Rd7 26. Nf3 Nc5 27. Rbb1
Na4 28. Rb3 f6 29. Nh4 Kf7 30. e4 Nc5 31. Rbb1 Ne6 32. Nxg6 Rxd4 33. Rxd4 Nxd4
34. f5 e6 35. Nh4 Bf8 36. a4 Bc5 37. Kh2 Rxa4 38. Bf1 Ra2+ 39. Kg3 Ra3+ 40. Kg4
Nc2 41. fxe6+ Kxe6 42. Nf5 Ne3+ 43. Nxe3 Rxe3 44. Bg2 Rc3 45. Bf1 Ke5 46. h4
Bf2 47. Rb2 Rg3+ 48. Kh5 Be3 49. Ra2 Rg7 50. Ra3 Kxe4 51. c5 b5 52. Bg2+ Rxg2
53. Ra4+ Kd5 0-1

[Event "27. Torneo San Viator 2016"]
[Site "Madrid ESP"]
[Date "2016.09.25"]
[Round "1.19"]
[White "Sotoca Aguado, Jose"]
[Black "Rodriguez Romero, Martin"]
[Result "1/2-1/2"]
[WhiteElo "1900"]
[BlackElo "1666"]
[PlyCount "213"]
[EventDate "2016.09.25"]
[EventType "swiss"]
[EventRounds "9"]
[EventCountry "ESP"]
[Source "lmi"]
[SourceDate "2016.09.25"]

1. e4 c5 2. Nf3 e6 3. d4 cxd4 4. Nxd4 Nf6 5. Bd3 d6 6. O-O Be7 7. Be3 O-O 8.
Nc3 Nc6 9. Nb3 a6 10. f4 Qc7 11. Qe2 b5 12. a3 Bb7 13. h3 Rfd8 14. Qf2 Nd7 15.
Rae1 Bf6 16. g4 Ne7 17. Nd4 Ng6 18. g5 Bxd4 19. Bxd4 e5 20. fxe5 Ngxe5 21. Nd5
Bxd5 22. exd5 Rf8 23. Be4 Rac8 24. c3 Qc4 25. Re3 a5 26. Qg2 b4 27. axb4 axb4
28. Bf5 bxc3 29. bxc3 Ra8 30. Qe4 g6 31. Bxd7 Nxd7 32. Qf3 Ne5 33. Bxe5 dxe5
34. Rxe5 Qc7 35. Re3 Qc5 36. Kh1 Rad8 37. Rd3 Qe7 38. Qf4 Qe2 39. Qf3 Qe7 40.
c4 Qxg5 41. c5 Qe5 42. c6 f5 43. Rfd1 Qd6 44. Re3 Rfe8 45. Qe2 Kf8 46. Qf3 Rxe3
47. Qxe3 Re8 48. Qf3 Re7 49. Rb1 Re5 50. Rc1 Re7 51. Ra1 Kf7 52. Rb1 Qe5 53.
Qd3 Qd6 54. Rb7 Rxb7 55. cxb7 Qb6 56. Qe2 Qxb7 57. Qe6+ Kf8 58. Qf6+ Kg8 59.
Qe6+ Qf7 60. Qc8+ Kg7 61. Qc3+ Kh6 62. Qd4 Qb7 63. Kh2 Qc7+ 64. d6 Qc2+ 65. Kg1
Qc1+ 66. Kf2 Qc2+ 67. Kf3 Qc6+ 68. Ke3 Qd7 69. Qe5 Qa7+ 70. Kd3 Qa3+ 71. Kc4
Qa4+ 72. Kd5 f4 73. Ke6 Qe8+ 74. Kd5 Qb5+ 75. Kd4 Qxe5+ 76. Kxe5 f3 77. d7 f2
78. d8=Q f1=Q 79. Qh4+ Kg7 80. Qe7+ Qf7 81. Qg5 Qc7+ 82. Ke4 Qc4+ 83. Kf3 Qd3+
84. Kg2 Qe4+ 85. Kg1 h6 86. Qc5 Qe1+ 87. Kg2 Qe4+ 88. Kg1 Kf6 89. Qf8+ Kg5 90.
Qd8+ Kh5 91. Qd2 Qb1+ 92. Kh2 Qb8+ 93. Kg2 Qb7+ 94. Kg3 Qb3+ 95. Kg2 Qb7+ 96.
Kg3 Qc7+ 97. Kg2 Qc6+ 98. Kg3 g5 99. Qe2+ Kg6 100. Qd3+ Kf6 101. Qd8+ Ke5 102.
Qh8+ Qf6 103. Qe8+ Qe6 104. Qb8+ Kf5 105. Qf8+ Qf6 106. Qc8+ Kg6 107. Qe8+
1/2-1/2

[Event "27. Torneo San Viator 2016"]
[Site "Madrid ESP"]
[Date "2016.09.25"]
[Round "1.20"]
[White "Campos Diaz, Fernando"]
[Black "Garcia Martin, Esteban"]
[Result "0-1"]
[WhiteElo "1663"]
[BlackElo "1881"]
[PlyCount "56"]
[EventDate "2016.09.25"]
[EventType "swiss"]
[EventRounds "9"]
[EventCountry "ESP"]
[Source "lmi"]
[SourceDate "2016.09.25"]

1. d4 Nf6 2. Bf4 b6 3. Nf3 Bb7 4. e3 e6 5. Nbd2 Be7 6. Bd3 d5 7. c3 O-O 8. Ne5
c5 9. Qf3 Nbd7 10. O-O-O Nxe5 11. dxe5 Ne8 12. Qh5 g6 13. Qf3 Ng7 14. h4 f5 15.
Qh3 d4 16. Bc4 dxc3 17. bxc3 b5 18. Bxb5 Qa5 19. Bc4 Qxc3+ 20. Kb1 Rab8 21. Bb3
c4 22. e4 Qxh3 23. Rxh3 cxb3 24. exf5 bxa2+ 25. Kxa2 Bd5+ 26. Ka1 Nxf5 27. h5
Nd4 28. Bh6 Nc2# 0-1

[Event "27. Torneo San Viator 2016"]
[Site "Madrid ESP"]
[Date "2016.09.25"]
[Round "1.21"]
[White "Garcia Sanjuan, Jose"]
[Black "Comeron Galan, Daniel"]
[Result "1-0"]
[WhiteElo "1880"]
[BlackElo "1493"]
[PlyCount "83"]
[EventDate "2016.09.25"]
[EventType "swiss"]
[EventRounds "9"]
[EventCountry "ESP"]
[Source "lmi"]
[SourceDate "2016.09.25"]

1. Nf3 Nf6 2. b3 d5 3. Bb2 e6 4. e3 c5 5. h3 Nc6 6. Bb5 Be7 7. g4 h6 8. Bxc6+
bxc6 9. d3 Bd6 10. Nbd2 Qc7 11. d4 cxd4 12. exd4 Rb8 13. Qe2 Nd7 14. Nh4 a5 15.
a4 Qa7 16. Nf5 Bf8 17. Qe3 g6 18. Nh4 Nf6 19. Nhf3 Nd7 20. Ne5 Nxe5 21. Qxe5
Rg8 22. Nf3 Bg7 23. Qe3 Qc7 24. Ba3 Ba6 25. Ne5 Bxe5 26. dxe5 Rc8 27. Bd6 Qb7
28. Qxh6 Kd7 29. Qg5 Rce8 30. Qf4 Kc8 31. O-O-O g5 32. Qe3 Kd7 33. f4 gxf4 34.
Qxf4 Kc8 35. g5 Be2 36. Rd2 Bh5 37. Rf2 Qa7 38. h4 Rh8 39. Rh3 Bg4 40. Rc3 Qb6
41. Bc5 Qc7 42. Qxg4 1-0

[Event "27. Torneo San Viator 2016"]
[Site "Madrid ESP"]
[Date "2016.10.02"]
[Round "2.1"]
[White "Rosa Ramirez, Victor D"]
[Black "Quispe Arteaga, Gabriel"]
[Result "0-1"]
[WhiteElo "1903"]
[BlackElo "2270"]
[PlyCount "64"]
[EventDate "2016.09.25"]
[EventType "swiss"]
[EventRounds "9"]
[EventCountry "ESP"]
[Source "lmi"]
[SourceDate "2016.09.25"]

1. e4 c5 2. c3 d5 3. exd5 Qxd5 4. d4 Nf6 5. Nf3 Bg4 6. dxc5 Qxd1+ 7. Kxd1 Nc6
8. b4 O-O-O+ 9. Kc2 Bf5+ 10. Kb2 Rd1 11. Be3 Nd5 12. Nd4 Nxd4 13. Bxd4 Nxb4 14.
Na3 Rxa1 15. Kxa1 Nc6 16. Bb5 e5 17. Be3 Kc7 18. Nc4 f6 19. Rd1 Be7 20. f4 e4
21. Bxc6 bxc6 22. h3 Rd8 23. Nd6 h5 24. Rd4 Bxd6 25. cxd6+ Rxd6 26. Rxd6 Kxd6
27. Bxa7 c5 28. c4 e3 29. Bb6 Bd3 30. Kb2 Bxc4 31. a3 h4 32. Kc3 Bf1 0-1

[Event "27. Torneo San Viator 2016"]
[Site "Madrid ESP"]
[Date "2016.10.02"]
[Round "2.2"]
[White "Nunez Miranda, Adrian"]
[Black "Bustos Bernardo, Samuel"]
[Result "1-0"]
[WhiteElo "2143"]
[BlackElo "1991"]
[PlyCount "107"]
[EventDate "2016.09.25"]
[EventType "swiss"]
[EventRounds "9"]
[EventCountry "ESP"]
[Source "lmi"]
[SourceDate "2016.09.25"]

1. d3 c5 2. g3 d6 3. Bg2 Nf6 4. f4 e6 5. Nf3 Qc7 6. e4 b6 7. O-O Bb7 8. h3 Be7
9. g4 O-O 10. Qe1 Re8 11. f5 exf5 12. gxf5 Nbd7 13. c4 Ne5 14. Nxe5 dxe5 15.
Nc3 Rad8 16. Nd5 Nxd5 17. exd5 Bf6 18. Be4 Qe7 19. Qg3 Rd6 20. Bd2 Bc8 21. Rf3
Bh4 22. Qg2 f6 23. Kh1 Bg5 24. Be1 Bf4 25. b4 Qc7 26. bxc5 Qxc5 27. Rb1 a5 28.
Bf2 Qc7 29. Qg1 Qf7 30. Bxb6 Bd7 31. Qc5 Qh5 32. Qxd6 Bxf5 33. Qc6 Bxe4 34.
Qxe8+ Qxe8 35. dxe4 Qh5 36. Rbb3 a4 37. Rbd3 f5 38. d6 Qh4 39. d7 Qe1+ 40. Bg1
Bg5 41. d8=Q+ Bxd8 42. Rxd8+ Kf7 43. Rxf5+ Ke7 44. Rff8 Qxe4+ 45. Kh2 Qe2+ 46.
Bf2 Qxc4 47. Rde8+ Kd6 48. Bg3 Qxa2+ 49. Rf2 Qb3 50. Rxe5 Kc6 51. Rd2 a3 52.
Rd6+ Kc7 53. Re7+ Kc8 54. Rc7+ 1-0